Občianske obrady bez podpory štátu

Bibliographic Details
Main Author: Hradecký, Roman (Author)
Format: Article
Language:Slovak
ISSN:1336-6424
Subjects:

MARC

LEADER 00000nab a2200000 ar4500
001 vtls009007462
003 SK-MaSNL
005 20260303065443.0
008 070716c2007 xo qr|p|||||||000 b|slo
015 |a SNBRB2007/07 
038 |a SNKBUCL 
040 |a SNKBUCL  |b slo  |e AACR2  |c SNKBUCL 
041 0 |a slo 
044 |a xo  |c SK 
080 |a 351.855  |2 1997 
080 |a 352.07  |2 1997 
100 1 |a Hradecký, Roman  |4 aut  |9 267548 
245 1 0 |a Občianske obrady bez podpory štátu  |c Roman Hradecký 
610 2 7 |a zbory pre občianske záležitosti  |2 snkbucl  |9 552121 
650 0 7 |a občianske obrady  |2 snkbucl  |9 294915 
773 0 |t Prometheus  |g Roč. III, č. 3 (2007), s. 3-5  |x 1336-6424 
852 |a SNK  |b KIS3GCP 
958 |a SK 
999 |c 1751255  |d 1753185